[Event "Marianske Lazne op"]
[Site "Marianske Lazne"]
[Date "2011.01.20"]
[Round "7"]
[White "Chlebus, Miroslav"]
[Black "Toman, Jaroslav"]
[Result "0-1"]
[WhiteElo "2002"]
[BlackElo "2156"]
[PlyCount "62"]
[EventDate "2011.01.15"]
[EventType "swiss"]
[EventRounds "9"]
[EventCountry "CZE"]
[SourceTitle "CBM 140 Extra"]
[Source "ChessBase"]
[SourceDate "2011.03.01"]
[SourceVersion "1"]
[SourceVersionDate "2011.03.01"]
[SourceQuality "1"]

1. e4 c5 2. Nf3 Nc6 3. d4 cxd4 4. Nxd4 Nf6 5. Nc3 e5 6. Ndb5 d6 7. Nd5 Nxd5 8. exd5 Nb8 9. c4 Be7 10. Bd3 f5 11. 0-0 a6 12. Nc3 0-0 13. f4 e4 14. Bc2 Qb6+ 15. Kh1 Bf6 16. Ne2 Qc5 17. Bb3 Bd7 18. Re1 a5 19. a4 Na6 20. Nc3 Qb4 21. Re3 Nc5 22. Nb5 Nd3 23. Qc2 Nxf4 24. Bd2 Qc5 25. Rxe4 fxe4 26. Bxf4 Bxb5 27. axb5 a4 28. Ba2 Rae8 29. Re1 Be5 30. Bxe5 Rxe5 31. Bb1 Qf2 0-1

[Event "Marianske Lazne op"]
[Site "Marianske Lazne"]
[Date "2011.01.19"]
[Round "6"]
[White "Houzva, Viktor"]
[Black "Chlebus, Miroslav"]
[Result "0-1"]
[WhiteElo "2094"]
[BlackElo "2002"]
[PlyCount "186"]
[EventDate "2011.01.15"]
[EventType "swiss"]
[EventRounds "9"]
[EventCountry "CZE"]
[SourceTitle "CBM 140 Extra"]
[Source "ChessBase"]
[SourceDate "2011.03.01"]
[SourceVersion "1"]
[SourceVersionDate "2011.03.01"]
[SourceQuality "1"]

1. e4 c5 2. c3 d5 3. exd5 Qxd5 4. d4 Nc6 5. Nf3 Bg4 6. Be2 cxd4 7. cxd4 e6 8. Nc3 Bb4 9. 0-0 Bxc3 10. bxc3 Nf6 11. Ba3 0-0-0 12. Qa4 Qa5 13. Qb3 Nd5 14. Rab1 Rd7 15. Rfc1 f6 16. Bb5 Qc7 17. Nd2 Bf5 18. Rb2 Kb8 19. Nc4 Nf4 20. Rd1 Ka8 21. Bc5 Nd3 22. Rbd2 Nxc5 23. dxc5 Rxd2 24. Rxd2 e5 25. Nd6 Bg6 26. Qa4 Nb8 27. Qc4 Rd8 28. h4 Nc6 29. Rb2 Ne7 30. Qa4 Rb8 31. Be2 f5 32. h5 Qxc5 33. Nxb7 Qxc3 34. Rc2 Qe1+ 35. Kh2 Be8 36. Qc4 Rxb7 37. Qe6 Qb4 38. Ba6 Qh4+ 39. Kg1 Rb1+ 40. Bf1 Bc6 41. Rxc6 Nxc6 42. Qxc6+ Kb8 43. Qd6+ Kc8 44. Qc6+ Kd8 45. Qd6+ Ke8 46. Qxe5+ Qe7 47. Qxf5 Re1 48. Qc8+ Kf7 49. Qf5+ Kg8 50. Qd5+ Qf7 51. Qa5 Re8 52. Qb5 Kh8 53. g3 Kg8 54. Bg2 Rf8 55. Qc5 a5 56. a4 Qf5 57. Qd4 Qxh5 58. Bf1 Qf5 59. Bb5 Qg5 60. Qb6 Qf6 61. Qc5 Rd8 62. Kg2 Qd4 63. Qe7 Qd6 64. Qa7 Qd2 65. Qe7 Qd4 66. Kg1 h6 67. Qb7 Qd1+ 68. Kh2 Qd4 69. Kg1 Qc5 70. Qf3 Rf8 71. Qe2 Qd4 72. Kg2 Qd5+ 73. Kh2 Qf5 74. Kg2 Qd5+ 75. Kh2 h5 76. Kg1 Qg5 77. Bd3 g6 78. Qb2 Kh7 79. Qb7+ Kh6 80. Qe4 h4 81. Kg2 hxg3 82. fxg3 Qd2+ 83. Kh3 Qg5 84. Kg2 Rd8 85. Kh2 Qd2+ 86. Be2 Qd4 87. Qf3 Re8 88. Bb5 Qd2+ 89. Kh3 Qe3 90. Qb7 Re5 91. Qf7 Rh5+ 92. Kg2 Qd2+ 93. Qf2 Rh2+ 0-1

[Event "CZE-chT2a 0405"]
[Site "Czech Republic"]
[Date "2005.03.20"]
[Round "10.6"]
[White "Chlebus, Miroslav"]
[Black "Gdovin, Jan"]
[Result "0-1"]
[WhiteElo "1953"]
[BlackElo "2195"]
[PlyCount "94"]
[EventDate "2004.10.17"]
[EventType "team"]
[EventRounds "11"]
[EventCountry "CZE"]
[SourceTitle "EXT 2007"]
[Source "ChessBase"]
[SourceDate "2006.11.23"]
[SourceVersion "1"]
[SourceVersionDate "2006.11.23"]
[SourceQuality "1"]
[WhiteTeam "Habartov"]
[BlackTeam "Pisek"]
[WhiteTeamCountry "CZE"]
[BlackTeamCountry "CZE"]

1. e4 e6 2. d4 d5 3. e5 c5 4. c3 Qb6 5. Nf3 Bd7 6. Be2 Bb5 7. 0-0 Bxe2 8. Qxe2 Qa6 9. Qd1 Nd7 10. Be3 Rc8 11. Nbd2 Ne7 12. dxc5 Nxc5 13. Bxc5 Rxc5 14. Nb3 Rc8 15. Nfd4 Nc6 16. f4 Nxd4 17. Qxd4 Rc4 18. Qd3 g6 19. Kh1 Ra4 20. Qxa6 Rxa6 21. Nd4 Bc5 22. Rfd1 Ke7 23. Kg1 h5 24. Kf2 Rc8 25. Ke3 b5 26. a3 Ra4 27. g3 Rc4 28. Rd3 a5 29. Kd2 Bxd4 30. Rxd4 Rxd4+ 31. cxd4 Rc4 32. Kd3 a4 33. Rg1 Kd7 34. g4 hxg4 35. Rxg4 b4 36. Rg2 b3 37. h4 Ke7 38. Rh2 Rc1 39. h5 Rc2 40. Rh1 gxh5 41. Rxh5 Rxb2 42. Rh8 Ra2 43. Ra8 Rxa3 44. Kc3 Ra2 45. Ra7+ Kf8 46. Ra8+ Kg7 47. Ra7 b2 0-1

[Event "CZE-chT2a 0405"]
[Site "Czech Republic"]
[Date "2005.03.06"]
[Round "9.6"]
[White "Gschwendtner, Stanislav"]
[Black "Chlebus, Miroslav"]
[Result "1/2-1/2"]
[WhiteElo "2171"]
[BlackElo "1953"]
[PlyCount "32"]
[EventDate "2004.10.17"]
[EventType "team"]
[EventRounds "11"]
[EventCountry "CZE"]
[SourceTitle "EXT 2007"]
[Source "ChessBase"]
[SourceDate "2006.11.23"]
[SourceVersion "1"]
[SourceVersionDate "2006.11.23"]
[SourceQuality "1"]
[WhiteTeam "Klatovy"]
[BlackTeam "Habartov"]
[WhiteTeamCountry "CZE"]
[BlackTeamCountry "CZE"]

1. c4 Nf6 2. Nc3 g6 3. g3 Bg7 4. Bg2 e5 5. d3 0-0 6. e4 d6 7. Nge2 Nc6 8. 0-0 Ne8 9. f4 f5 10. exf5 Bxf5 11. Be3 Nf6 12. h3 exf4 13. gxf4 Qc8 14. Kh2 Ne7 15. Ng3 Be6 16. Qd2 Nf5 1/2-1/2

[Event "CZE-chT2a 0405"]
[Site "Czech Republic"]
[Date "2005.02.06"]
[Round "7.7"]
[White "Chlebus, Miroslav"]
[Black "Zeman, Martin"]
[Result "0-1"]
[WhiteElo "1953"]
[BlackElo "1994"]
[PlyCount "76"]
[EventDate "2004.10.17"]
[EventType "team"]
[EventRounds "11"]
[EventCountry "CZE"]
[SourceTitle "EXT 2007"]
[Source "ChessBase"]
[SourceDate "2006.11.23"]
[SourceVersion "1"]
[SourceVersionDate "2006.11.23"]
[SourceQuality "1"]
[WhiteTeam "Habartov"]
[BlackTeam "Pribram"]
[WhiteTeamCountry "CZE"]
[BlackTeamCountry "CZE"]

1. e4 c5 2. Nf3 d6 3. d4 cxd4 4. Nxd4 Nf6 5. Nc3 a6 6. Be2 e6 7. Be3 Qc7 8. a4 Be7 9. 0-0 0-0 10. f4 Nc6 11. Kh1 Bd7 12. Nb3 e5 13. f5 Nb4 14. Bf3 Bc6 15. Qd2 d5 16. exd5 Rad8 17. Qf2 Nbxd5 18. Nxd5 Nxd5 19. Bc5 Bxc5 20. Nxc5 Nf6 21. Bxc6 Qxc6 22. Nd3 e4 23. Nf4 Rd6 24. Qe2 Rfd8 25. Rf2 Qd7 26. g4 e3 27. Rg2 Rd1+ 28. Rxd1 Qxd1+ 29. Qxd1 Rxd1+ 30. Rg1 Rxg1+ 31. Kxg1 Nxg4 32. h3 Nh6 33. f6 gxf6 34. Nd5 Nf5 35. Nxf6+ Kg7 36. Ne4 Nd4 37. c3 Nf3+ 38. Kg2 e2 0-1